Piosenki z "The Album" Blackpink'u - Statystyki

Ogólne statystyki
  • Ten quiz został rozwiązany 322 razy
  • Średni wynik to 6 z 8
Statystyki odpowiedzi
L.p. Piosenka % Poprawnych
1 How You Like That
90%
2 Ice Cream
82%
5 Lovesick Girls
77%
3 Pretty Savage
73%
6 Crazy Over You
68%
7 Love to Hate Me
66%
4 Bet You Wanna
64%
8 You Never Know
57%
Nie znaleziono quizów pasujących do podanych kryteriów
Rozkład punktacji
Procent ludzi z każdym wynikiem
Percentyl według liczby udzielonych odpowiedzi
Twoja historia wyników
Nie rozwiązałeś tego quizu